00720nam a2200229Ia 4500003000900000008004100009040001300050040001300063041000800076100001900084245006200103250002100165260001700186260000900203300001100212300001000223490002800233490000700261942000700268999001700275952019800292IT-RoPAU120407s9999 xx 000 0 und d aIT-RoPAU cIT-RoPAU aita aGérard Lutte aLo sviluppo della personalità. Prospettive pedagogiche. aZurich - Schweiz aPas - Verlag c1963 a143 p. c24 cm aOrientamenti pedagogici v14 cBK c25732d25732 00102ddc406376_15000000000000071aPAULUSbPAULUSd2012-04-11l0o376.15r2012-04-11 00:00:00w2012-04-11yBKzInserito da: Jole In data: 15 settembre 2011 fondo: Via A.Severo 56 Progr:24981